| 000 -LEADER |
| fixed length control field |
00580nam a2200205Ka 4500 |
| 020 ## - INTERNATIONAL STANDARD BOOK NUMBER |
| ISBN |
0028238362 |
| 040 ## - CATALOGING SOURCE |
| Transcribing agency |
EXC |
| 082 ## - DEWEY DECIMAL CLASSIFICATION NUMBER |
| Classification number |
320 GLE 1996 A013 Or. |
| 100 1# - MAIN ENTRY--AUTHOR NAME |
| Personal name |
Saffell, David C., |
| 245 10 - TITLE STATEMENT |
| Title |
Civics : |
| Remainder of title |
responsibilities and citizenship / |
| 260 ## - PUBLICATION, DISTRIBUTION, ETC. (IMPRINT) |
| Place of publication |
New York : |
| Name of publisher |
Glencoe, |
| Year of publication |
[1995], c1996 |
| 300 ## - PHYSICAL DESCRIPTION |
| Number of Pages |
xx, 620 p. : |
| Other physical details |
ill. (some col.), col. maps ; |
| Dimensions |
26 cm |
| 500 ## - GENERAL NOTE |
| General note |
"Interactive software edition"--cover |
| 500 ## - GENERAL NOTE |
| General note |
Includes index |
| 650 #0 - SUBJECT ADDED ENTRY--TOPICAL TERM |
| Topical Term |
Civics |
| 650 #0 - SUBJECT ADDED ENTRY--TOPICAL TERM |
| Topical Term |
Citizenship |
| 650 #0 - SUBJECT ADDED ENTRY--TOPICAL TERM |
| Topical Term |
Social sciences |
| 710 2# - ADDED ENTRY--CORPORATE NAME |
| Corporate name or jurisdiction name as entry element |
Glencoe Publishing Co |
| 942 ## - ADDED ENTRY ELEMENTS (KOHA) |
| Koha item type |
សៀវភៅភាសាអង់គ្លេស |
| 952 ## - LOCATION AND ITEM INFORMATION (KOHA) |
| Withdrawn status [LOCAL, KOHA] |
0 |